Principles of statutory interpretation : (Record no. 101684)

MARC details
000 -LEADER
fixed length control field 00684nam a22002057a 4500
005 - DATE AND TIME OF LATEST TRANSACTION
control field 20160805110140.0
010 ## - LCCN (DPL NO)
LC control number ENG-115603
020 ## - INTERNATIONAL STANDARD BOOK NUMBER
International Standard Book Number 9789351436379
Terms of availability 3995.00
035 ## - SYSTEM CONTROL NUMBER
System control number EN-99135
037 ## - SOURCE OF ACQUISITION
Source of stock number/acquisition DBAD/PUB
082 ## - DEWEY DECIMAL CLASSIFICATION NUMBER
Classification number 348.54022
100 ## - MAIN ENTRY--PERSONAL NAME
Personal name Guru Prasanna Singh
245 ## - TITLE STATEMENT
Title Principles of statutory interpretation :
Statement of responsibility, etc by Guru Prasanna Singh
Remainder of title including the general clauses act,1987 with notes /
250 ## - EDITION STATEMENT
Edition statement 14th ed.
260 ## - PUBLICATION, DISTRIBUTION, ETC. (IMPRINT)
Place of publication, distribution, etc Gurgaon
Name of publisher, distributor, etc LexisNexis
Date of publication, distribution, etc 2016
270 ## - ADDRESS
Address 14th Floor,Building No-10,Tower-B,DLF Cyber City, Phase-II
City Gurgaon
Postal code 122002
300 ## - PHYSICAL DESCRIPTION
Extent cccIi,1312p.
Dimensions 25cm(Hb)
500 ## - GENERAL NOTE
General note Includes index
942 ## - ADDED ENTRY ELEMENTS (KOHA)
Source of classification or shelving scheme Dewey Decimal Classification
Item type English Books
Classification part 348.54022
Holdings
Withdrawn status Lost status Not for loan Collection code Home library Current library Date acquired Source of acquisition Cost, normal purchase price Full call number Barcode Copy number Cost, replacement price Koha item type
    Not For Loan Fiction D.B.Act.Division D.B.Act.Division 01/08/2016 DBAD/PUB 3995.00 348.54022 EN-99135 1 3995.00 English Books

© Delhi Public Library
Hit Counter
free hit counter